| 000 | 00955nam a22003017a 4500 | ||
|---|---|---|---|
| 001 | BR8704275 | ||
| 003 | BR-BrBNA | ||
| 005 | 20230928092659.0 | ||
| 007 | ta | ||
| 008 | 230509b bl.||||| |||| 00| 0 por d | ||
| 040 |
_aBR-BrBNA _bpor _cBiblioteca Nacional de Agricultura |
||
| 041 | _a(Por) | ||
| 072 |
_aE14; E40 _b/G514 |
||
| 090 | _ E14 BR8704275 | ||
| 100 | 1 | _aSilva, J.F. da (ed.) | |
| 110 | 1 |
_aComissao Estadual de Planejamento Agricola da Paraiba, Joao Pessoa (Brasil) _92028 |
|
| 245 | 1 | _aProjeto Serra do Teixeira: Manaira, Princeza Izabel, Tavares, Juru, Agua Branca, Imaculada, Mae d'agua, Teixeira, Desterro [Paraiba] | |
| 260 | 3 |
_aJoao Pessoa, PB (Brasil): _c[nd]. |
|
| 300 | _a22 p. | ||
| 500 | _aPublished after 1977 | ||
| 650 | _aDESENVOLVIMENTO RURAL | ||
| 650 | _aCOOPERATIVA | ||
| 650 | _aCREDITO RURAL | ||
| 650 | _aELETRIFICACAO RURAL | ||
| 650 | _aPARAIBA | ||
| 909 |
_a202309 _bLucia _c55 _dLucia Elande |
||
| 942 | _cBK | ||
| 999 |
_c40564 _d40564 |
||